000
00259nam a2200121Ia 4500
100
_a
Greenwood
942
_c
BK
654
_a
Production Design
245
_a
Mechanical Details For Production Design
260
_b
none
082
_a
658.5
546
_a
ENGLISH
999
_c
22295
_d
22295